Marketing
Salvato in:
| Autore principale: | |
|---|---|
| Ente Autore: | |
| Altri autori: | , , , , , , |
| Natura: | Libro |
| Lingua: | slovacco |
| Pubblicazione: |
Bratislava
IURA EDITION
2005
|
| Edizione: | 3. preprac. a dopln. vyd. |
| Serie: | Ekonómia
|
| Soggetti: | |
| Tags: |
Nessun Tag, puoi essere il primo ad aggiungerne!!
|
MARC
| LEADER | 00000nam$a2200000$$$4500 | ||
|---|---|---|---|
| 001 | 0028570 | ||
| 005 | 20240502071431.7 | ||
| 020 | |a 80-8078-049-8 | ||
| 041 | 0 | |a slo | |
| 044 | |a SK | ||
| 245 | 1 | 0 | |a Marketing |c Jaroslav Kita a kolektív |
| 250 | |a 3. preprac. a dopln. vyd. | ||
| 264 | 1 | |a Bratislava |b IURA EDITION |c 2005 | |
| 300 | |a 431 s. | ||
| 490 | 1 | |a Ekonómia | |
| 830 | 0 | |a Ekonómia | |
| 610 | 2 | 0 | |a marketing |
| 610 | 2 | 0 | |a spoločnosť |
| 610 | 2 | 0 | |a podnik |
| 610 | 2 | 0 | |a prostredie podnikové |
| 610 | 2 | 0 | |a správanie spotrebiteľa |
| 610 | 2 | 0 | |a nákup |
| 610 | 2 | 0 | |a organizácie |
| 610 | 2 | 0 | |a systémy informačné |
| 610 | 2 | 0 | |a výskum |
| 610 | 2 | 0 | |a rozhodovanie strategické |
| 610 | 2 | 0 | |a segmentácia trhu |
| 610 | 2 | 0 | |a plánovanie |
| 610 | 2 | 0 | |a plán marketingový |
| 610 | 2 | 0 | |a nástroje marketingové |
| 610 | 2 | 0 | |a produkty |
| 610 | 2 | 0 | |a ceny |
| 610 | 2 | 0 | |a distribúcia |
| 610 | 2 | 0 | |a obchod |
| 610 | 2 | 0 | |a komunikácia marketingová |
| 610 | 2 | 0 | |a reklama |
| 610 | 2 | 0 | |a služby |
| 610 | 2 | 0 | |a prognózy |
| 100 | 1 | |a Kita, Jaroslav | |
| 700 | 1 | |a Čihovská, Viera | |
| 700 | 1 | |a Dzurová, Mária | |
| 700 | 1 | |a Hasprová, Mária, 1970- | |
| 700 | 1 | |a Kulčáková, Marta | |
| 700 | 1 | |a Labská, Helena | |
| 700 | 1 | |a Lipianska, Júlia | |
| 700 | 1 | |a Štensová, Antónia | |
| 710 | 2 | |a Ekonomická univerzita v Bratislave | |